Rent and yield monitor: market index brief Q1, Q2, Q3 & Q4 2002 (Record no. 101988)

MARC details
000 -LEADER
fixed length control field 01005cam a2200313 4500
001 - CONTROL NUMBER
control field J117455
008 - FIXED-LENGTH DATA ELEMENTS--GENERAL INFORMATION
fixed length control field 020412n2002 000 0 eng u
035 ## - SYSTEM CONTROL NUMBER
System control number (Sirsi) u117455
041 ## - LANGUAGE CODE
Language code of text/sound track or separate title eng.
050 ## - LIBRARY OF CONGRESS CALL NUMBER
Classification number 333.337016
110 ## - MAIN ENTRY--CORPORATE NAME
Corporate name or jurisdiction name as entry element CB Hillier Parker
9 (RLIN) 3660
245 ## - TITLE STATEMENT
Title Rent and yield monitor: market index brief Q1, Q2, Q3 & Q4 2002
260 ## - PUBLICATION, DISTRIBUTION, ETC.
Place of publication, distribution, etc. London
Name of publisher, distributor, etc. CB Hillier Parker
Date of publication, distribution, etc. 2002
300 ## - PHYSICAL DESCRIPTION
Extent 4 pt
Dimensions 30cm.
520 ## - SUMMARY, ETC.
Summary, etc. Formerly 'CB Hillier Parker Rent Index' and 'CB Hillier Parker average yields'. Also available on the CB Hillier Parker website at: http://www.cbhillierparker.com
650 ## - SUBJECT ADDED ENTRY--TOPICAL TERM
Topical term or geographic name entry element HILLIER PARKER RENT INDEX
650 ## - SUBJECT ADDED ENTRY--TOPICAL TERM
Topical term or geographic name entry element INDICES
650 ## - SUBJECT ADDED ENTRY--TOPICAL TERM
Topical term or geographic name entry element INDUSTRIAL PROPERTY
650 ## - SUBJECT ADDED ENTRY--TOPICAL TERM
Topical term or geographic name entry element OFFICES
650 ## - SUBJECT ADDED ENTRY--TOPICAL TERM
Topical term or geographic name entry element RENTS
650 ## - SUBJECT ADDED ENTRY--TOPICAL TERM
Topical term or geographic name entry element SHOPS
650 ## - SUBJECT ADDED ENTRY--TOPICAL TERM
Topical term or geographic name entry element YIELDS
650 ## - SUBJECT ADDED ENTRY--TOPICAL TERM
Topical term or geographic name entry element INVESTMENT
650 ## - SUBJECT ADDED ENTRY--TOPICAL TERM
Topical term or geographic name entry element HILLIER PARKER AVERAGE YIELD INDEX
690 ## - LOCAL SUBJECT ADDED ENTRY--TOPICAL TERM (OCLC, RLIN)
Topical term or geographic name as entry element PROPERTY-COMMERCIAL PROPERTY
710 ## - ADDED ENTRY--CORPORATE NAME
Corporate name or jurisdiction name as entry element Hillier Parker
9 (RLIN) 2054
856 ## - ELECTRONIC LOCATION AND ACCESS
Uniform Resource Identifier <a href="https://www.cbhillierparker.com">https://www.cbhillierparker.com</a>
942 ## - ADDED ENTRY ELEMENTS (KOHA)
Suppress in OPAC 0
Holdings
Withdrawn status Lost status Source of classification or shelving scheme Damaged status Not for loan Home library Current library Shelving location Date acquired Total Checkouts Full call number Barcode Date last seen Copy number Price effective from Koha item type
    Dewey Decimal Classification     London London Property market reports 12/04/2002   PROPERTY MARKET REPORTS 30065748 06/08/2019 1 06/08/2019 Reference material
    Dewey Decimal Classification     London London Property market reports 12/04/2002   PROPERTY MARKET REPORTS 30065752 06/08/2019 2 06/08/2019 Reference material
    Dewey Decimal Classification     London London Property market reports 09/12/2002   PROPERTY MARKET REPORTS 30068304 06/08/2019 3 06/08/2019 Reference material
    Dewey Decimal Classification     London London Property market reports 09/12/2002   PROPERTY MARKET REPORTS 30068296 06/08/2019 4 06/08/2019 Reference material
    Dewey Decimal Classification     London London Property market reports 09/12/2002   PROPERTY MARKET REPORTS 30068317 06/08/2019 5 06/08/2019 Reference material